LEADER 01516nam 22004931 450 001 9910464270703321 005 20200520144314.0 010 $a1-55936-700-8 035 $a(CKB)3710000000057318 035 $a(EBL)1381958 035 $a(MiAaPQ)EBC1381958 035 $a(Au-PeEL)EBL1381958 035 $a(CaPaEBR)ebr10795867 035 $a(CaONFJC)MIL574822 035 $a(OCoLC)870896667 035 $a(EXLCZ)993710000000057318 100 $a19910605d1991 uy 0 101 0 $aeng 135 $aur|n|---||||| 181 $2rdacontent 182 $2rdamedia 183 $2rdacarrier 200 14$aThe floating island plays /$fEduardo Machado 205 $aFirst edition. 210 1$aNew York :$cTheatre Communications Group,$d1991. 215 $a1 online resource (229 p.) 300 $aDescription based upon print version of record. 311 $a1-55936-034-8 327 $aThe modern ladies of Guanabacoa -- Fabiola -- In the eye of the hurricane -- Broken eggs. 330 $aIncludes The Modern Ladies of Guanabacoa, Fabiola, In the Eye of the Hurricane and Broken Eggs. 606 $aCuban Americans$vDrama 606 $aTheater 608 $aElectronic books. 615 0$aCuban Americans 615 0$aTheater. 676 $a812/.54 700 $aMachado$b Eduardo$f1953-$0894422 801 0$bMiAaPQ 801 1$bMiAaPQ 801 2$bMiAaPQ 906 $aBOOK 912 $a9910464270703321 996 $aThe floating island plays$91998148 997 $aUNINA LEADER 03544 am 2200757 n 450 001 9910551850403321 005 20210726 010 $a2-7574-3493-4 024 7 $a10.4000/books.septentrion.117060 035 $a(CKB)4100000012704656 035 $a(FrMaCLE)OB-septentrion-117060 035 $a(oapen)https://directory.doabooks.org/handle/20.500.12854/87053 035 $a(PPN)261976850 035 $a(EXLCZ)994100000012704656 100 $a20220310j|||||||| ||| 0 101 0 $afre 135 $auu||||||m|||| 181 $ctxt$2rdacontent 182 $cc$2rdamedia 183 $acr$2rdacarrier 200 10$aFootball, Europe et régulations /$fGuillaume Robin 210 $aVilleneuve d'Ascq $cPresses universitaires du Septentrion$d2021 215 $a1 online resource (248 p.) 225 1 $aSport et Sciences Sociales 330 $aDans le prolongement du colloque international qui s?est tenu en mai 2010 à l?Université Paris Descartes sur le thème du football et de l?Europe, une trentaine d?intervenants, issus des universités européennes mais également des représentants du barreau et des institutions (Commission Européenne, UEFA), se sont penchés sur le thème des régulations à l??uvre dans le football européen. Depuis l?arrêt Bosman, les mesures prises au sein de l?espace communautaire ont entraîné une redéfinition du paysage footballistique dans le contexte d?une économie à la fois mondialisée et soumise à des nouvelles réglementations de l?Europe. Cet ouvrage réunit 20 contributions regroupées en quatre axes : les supporters et leur gestion ; les facteurs de régulation du football européen, les rôles conjugués du droit et de l?économie dans la recomposition du football européen ; enfin, l?art comme outil de réflexion sur le ballon rond et miroir de ces évolutions récentes. 606 $aSoccer$zEurope$vCongresses 606 $aSoccer$xLaw and legislation$zEurope$vCongresses 610 $afootball 610 $atransfert 615 0$aSoccer 615 0$aSoccer$xLaw and legislation 676 $a796.334094 700 $aRobin$b Guillaume$01291410 701 $aBasson$b Jean-Charles$01240715 701 $aBora$b Tanil$01311227 701 $aChadwick$b Simon$0320514 701 $aChatzigianni$b Efthalia$01311228 701 $aChristophe Meyer$b Jean$01311229 701 $aDemazière$b Didier$0411788 701 $aDerouet$b Antoine$01311230 701 $aDuring$b Bertrand$01272562 701 $aFournier$b Laurent$01311231 701 $aGardiner$b Simon$01197500 701 $aGasparini$b William$01296547 701 $aHebert$b Thibault$01311232 701 $aHeidmann$b Mickaël$01311233 701 $aHourcade$b Nicolas$01311234 701 $aHousiaux$b Philippe$01311235 701 $aJouvenet$b Morgan$01236043 701 $aLech$b Antoine$01307530 701 $aLelore$b Emmanuel$01311236 701 $aLestrelin$b Ludovic$01311237 701 $aOlivier Rollin$b Pierre$01311238 701 $aPautot$b Maître Michel$01311239 701 $aRanc$b David$01311240 701 $aRobin$b Guillaume$01291410 701 $aSenyuva$b Ozgehan$01311241 701 $aTsoukala$b Anastassia$01294265 701 $aVelazquez$b Pedro$01311242 701 $aWelch$b Roger$01241422 701 $aZylberstein$b Julien$01311243 801 0$bFR-FrMaCLE 906 $aBOOK 912 $a9910551850403321 996 $aFootball, Europe et régulations$93030047 997 $aUNINA